ARRUPE JESUIT UNIVERSITY

CORONAVIRUS -STOP THE SPREAD - CLEAN,DISINFECT,COVER

The vanquished gods : (Record no. 130915)

MARC details
000 -LEADER
fixed length control field 01061cam a2200277 a 4500
001 - CONTROL NUMBER
control field 12284695
003 - CONTROL NUMBER IDENTIFIER
control field ARRUPE
005 - DATE AND TIME OF LATEST TRANSACTION
control field 20211019093743.0
008 - FIXED-LENGTH DATA ELEMENTS--GENERAL INFORMATION
fixed length control field 010122s2001 nyu b 001 0 eng
010 ## - LIBRARY OF CONGRESS CONTROL NUMBER
LC control number 2001019034
020 ## - INTERNATIONAL STANDARD BOOK NUMBER
International Standard Book Number 1573928984 (alk. paper)
040 ## - CATALOGING SOURCE
Original cataloging agency DLC
Transcribing agency DLC
Modifying agency DLC
050 00 - LIBRARY OF CONGRESS CALL NUMBER
Classification number BL2747.7
Item number .S35 2001
082 00 - DEWEY DECIMAL CLASSIFICATION NUMBER
Classification number 291.1/75
Edition number 21
300 ## - PHYSICAL DESCRIPTION
Dimensions 24 cm.
100 1# - MAIN ENTRY--PERSONAL NAME
Personal name Schlagel, Richard H.,
Dates associated with a name 1925-
9 (RLIN) 19783
245 14 - TITLE STATEMENT
Title The vanquished gods :
Remainder of title science, religion, and the nature of belief /
Statement of responsibility, etc Richard H. Schlagel.
260 ## - PUBLICATION, DISTRIBUTION, ETC. (IMPRINT)
Place of publication, distribution, etc Amherst, N.Y. :
Name of publisher, distributor, etc Prometheus Books,
Date of publication, distribution, etc c2001.
300 ## - PHYSICAL DESCRIPTION
Extent 349 p. ;
440 #0 - SERIES STATEMENT/ADDED ENTRY--TITLE
Title Prometheus lecture series
9 (RLIN) 50545
504 ## - BIBLIOGRAPHY, ETC. NOTE
Bibliography, etc Includes bibliographical references (p. 339-342) and index.
650 #0 - SUBJECT ADDED ENTRY--TOPICAL TERM
Topical term or geographic name as entry element Rationalism.
9 (RLIN) 85
650 #0 - SUBJECT ADDED ENTRY--TOPICAL TERM
Topical term or geographic name as entry element Religion and science.
906 ## - LOCAL DATA ELEMENT F, LDF (RLIN)
a 7
b cbc
c orignew
d 1
e ocip
f 19
g y-gencatlg
942 ## - ADDED ENTRY ELEMENTS (KOHA)
Source of classification or shelving scheme Library of Congress Classification
Koha item type Monograph ( Printed materials)
Holdings
Withdrawn status Lost status Source of classification or shelving scheme Damaged status Not for loan Collection code Home library Current library Shelving location Date acquired Total Checkouts Full call number Barcode Date last seen Price effective from Koha item type
    Library of Congress Classification     Main Collection ARRUPE LIBRARY ARRUPE LIBRARY Main Collection 19/10/2021   BL2747.7 .S35 2001 46600007221 19/10/2021 19/10/2021 Monograph ( Printed materials)

 

Arrupe Library. PO Box MP320 Mt Pleasant, Harare, Zimbabwe
263 242 745411|librarian@aju.ac.zw